000 00676 a2200193 4500
020 _a1580530710
040 _aDLC
_bDLC
100 1 _aWebb, William,
245 1 0 _aIntroduction to wireless local loop: broadband and narrowband systems
_bbroadband and narrowband systems
_cWilliam Webb.
250 _a2nd ed.
260 _aBoston, MA :
_bArtech House,
_c2000.
300 _a646 p. :
_bill.
490 1 _aArtech House mobile communications series.
650 0 _aWireless communication systems.
650 0 _aTelecommunication
_xSwitching systems.
650 0 _aLocal loop (Telephony)
830 0 _aArtech House mobile communications library.
942 _cBK
_k621.382 WEB
_2ddc
999 _c8200
_d8200